Исследование процесса хранения дистиллята фракции жидких продуктов пиролиза, обогащенной дициклопентадиеном; Известия вузов. Химия и химическая технология; Т. 51, № 2

書誌詳細
Parent link:Известия вузов. Химия и химическая технология/ Ивановский государственный химико-технологический университет.— , 1958-
Т. 51, № 2.— 2008.— [С. 81-84]
その他の著者: Бондалетов В. Г. Владимир Григорьевич, Бондалетова Л. И. Людмила Ивановна, Мананкова А. А. Анна Анатольевна, Огородников В. Д.
要約:Заглавие с экрана
С помощью ЯМР {1}H-спектроскопии исследован процесс димеризации циклопентадиена в составе дистиллированной фракции 130-190°C жидких продуктов пиролиза в процессе хранения, а также димеризация в растворе CDCl[3].
Режим доступа: по договору с организацией-держателем ресурса
言語:ロシア語
出版事項: 2008
主題:
オンライン・アクセス:http://ctj.isuct.ru/?q=node/91
http://elibrary.ru/item.asp?id=9593808
フォーマット: 電子媒体 図書の章
KOHA link:https://koha.lib.tpu.ru/cgi-bin/koha/opac-detail.pl?biblionumber=649064

MARC

LEADER 00000naa0a2200000 4500
001 649064
005 20250228093549.0
035 |a (RuTPU)RU\TPU\network\14225 
035 |a RU\TPU\network\14224 
090 |a 649064 
100 |a 20160617d2008 k||y0rusy50 ca 
101 0 |a rus 
102 |a RU 
135 |a drcn ---uucaa 
181 0 |a i  
182 0 |a b 
200 1 |a Исследование процесса хранения дистиллята фракции жидких продуктов пиролиза, обогащенной дициклопентадиеном  |f В. Г. Бондалетов [и др.] 
203 |a Текст  |c электронный 
300 |a Заглавие с экрана 
320 |a [Библиогр.: 12 назв.] 
330 |a С помощью ЯМР {1}H-спектроскопии исследован процесс димеризации циклопентадиена в составе дистиллированной фракции 130-190°C жидких продуктов пиролиза в процессе хранения, а также димеризация в растворе CDCl[3]. 
333 |a Режим доступа: по договору с организацией-держателем ресурса 
337 |a Adobe Reader 
461 |t Известия вузов. Химия и химическая технология  |f Ивановский государственный химико-технологический университет  |d 1958- 
463 |t Т. 51, № 2  |v [С. 81-84]  |d 2008 
610 1 |a электронный ресурс 
610 1 |a труды учёных ТПУ 
610 1 |a жидкие фракции 
610 1 |a дистилляты 
610 1 |a пиролиз 
610 1 |a фракции 
701 1 |a Бондалетов  |b В. Г.  |c химик-технолог  |c профессор Томского политехнического университета, доктор технических наук  |f 1957-  |g Владимир Григорьевич  |3 (RuTPU)RU\TPU\pers\25605  |9 11534 
701 1 |a Бондалетова  |b Л. И.  |c химик-технолог  |c доцент Томского политехнического университета, кандидат химических наук  |f 1956-  |g Людмила Ивановна  |3 (RuTPU)RU\TPU\pers\25852  |9 11721 
701 1 |a Мананкова  |b А. А.  |c химик-органик  |c доцент Томского политехнического университета, кандидат химических наук  |f 1980-  |g Анна Анатольевна  |3 (RuTPU)RU\TPU\pers\24984  |9 11130 
701 1 |a Огородников  |b В. Д. 
801 2 |a RU  |b 63413507  |c 20160719  |g RCR 
856 4 |u http://ctj.isuct.ru/?q=node/91 
856 4 |u http://elibrary.ru/item.asp?id=9593808 
942 |c CF